| 000 | 00776nam a2200241 i 4500 | ||
|---|---|---|---|
| 001 | 66368 | ||
| 003 | ES-MaACL | ||
| 005 | 20250824063034.0 | ||
| 007 | t| | ||
| 008 | 030429s2002 sp ||||0| spa d | ||
| 020 | _a84-85944-98-4 | ||
| 040 |
_aM-BN _bspa _cM-BN |
||
| 080 | _a398.9(460)(038) | ||
| 100 | 1 |
_aCantera, Jesús _d1923-2017 _934641 |
|
| 245 | 1 | 4 |
_aLos 494 refranes del "Seniloquium" / _cJesús Cantera Ortiz de Urbina, Julia Sevilla Muñoz. |
| 260 |
_aMadrid : _bGuillermo Blázquez, _c2002. |
||
| 300 |
_a129 p ; _c21 cm. |
||
| 650 | 4 |
_aRefranes y proverbios- _zEspaña- _vDiccionarios. _916727 |
|
| 700 | 1 |
_aSevilla Muñoz, Julia. _9105941 |
|
| 730 | 0 |
_aSeniloquium. _9124507 |
|
| 852 |
_aES-MaACL _jL-26850 _bR.132364 |
||
| 999 |
_c66368 _d66368 |
||